1792 1321 1511 1173 1533 1274 1330 1705 1014 1152 1640 1459 1997 1528 1595 1784 1081 1641 1452 1315 1374 1954 1702 1483 1584 1664 1032 1311 1420 1387 1668 1402 1275 1341 1858 1712 1246 1936 1324 1665 1053 1131 1452 1115 1282 1888 1673 1700 1333 1676 1699 1423 1053 1894 1777 1285 1887 1916 1860 1211 1533 1092 1389 1154 1834 1914 1217 1477 1695 1649 1929 1301 1351 1154 1248 1352 1465 1988 1236 1576 1972 1603 1827 1461 1450 1993 1043 1193 1511 1604 1713 1541 1401 1031 1671 1708 1097 1833 1390 BCNSPRNW ULIB Ver.6.0+V

เปลี่ยนเป็นภาษาไทย

Change to English
 แสดงรายละเอียดบรรณานุกรม
  กลับหน้าหลัก

Brief Record : Get Marc (ISO 2709) : E-mail record : QR code < ปิดหน้าต่าง
LEADER : 00000nam 2200000uu 4500
001    13399111386
003     ULIB
008    110623s||||||||th 000 0 tha d
020    9786117042065
050  4 BQ893^bก111ล 2552
100 0  ก.วชิรปัญโญ
245 10 ลมหายใจสุดท้าย--ของพระพุทธเจ้า /^cก.วชิรปัญโญ
246 30 ลมหายใจสุดท้าย...ของพระพุทธเจ้า
260    กรุงเทพฯ :^bปราชญ์,^c2552
300    176 หน้า ;^c21 ซม.
650  7 พระพุทธเจ้า
650  7 พุทธศาสนา
945    ^p145^l0^i026494
995    ทศพร
999 ^a ใช้งานได้ทุกระบบ
รายการนี้ยังไม่มีแท็ก
คุณยังไม่ได้ล็อกอิน คุณสามารถมีกิจกรรมร่วมกับเว็บไซต์ได้ แต่ต้องล็อกอินก่อน ::
  ล็อกอิน

รายการสื่อสารสนเทศ

ลำดับที่ ประเภท เลขเรียก/บาร์โค้ด สถานที่ สถานะ
- ไม่พบข้อมูล -

รายการใกล้เคียง
    ผู้แต่ง [ก.วชิรปัญโญ]

    หัวเรื่อง [พระพุทธเจ้า]
    หัวเรื่อง [พุทธศาสนา]

BibComment


ยังไม่เคยถูกคอมเมนท์

คอมเมนท์ทรัพยากรรายการนี้
  คอมเมนท์: ลมหายใจสุดท้ายของ..


 Copyright 2026. Bcnsprnw @Library